La Vie Boheme Quiz Stats

 Plays Quiz Updated Feb 20, 2020

Support Sporcle.
Go Orange.
Score 0/132 Timer 12:00
0 Plays Today
% Correct
Going mad
69.2%
Going insane
69.1%
The Village Voice
67.1%
Going against the grain
66%
Days of inspiration
65.7%
(The need) to communicate
65.5%
Dildos
65.4%
Making something out of nothing
65.2%
Choice
64.7%
Fruits
64.6%
No absolutes
64.6%
Playing hooky
64.3%
The need to express
64.2%
Yoga
64%
Cheese
63.8%
Rice
63.4%
Hating dear old Mom and Dad
63.2%
Beans
62.9%
Absolut
62.6%
Any passing fad
62.4%
Maya Angelou
60.9%
Mucho masturbation
60.5%
Leather
59.3%
More than one dimension
59.2%
Hating convention
58.5%
Langston Hughes
58.5%
Being an 'us' for once, instead of a 'them'
58.4%
The stage
58%
Bisexuals
57.5%
No pension
57.5%
Yogurt
57.4%
Me (Maureen)
57.3%
Anything taboo
57.1%
Me (Mark)
57.1%
Starving for attention
57%
Me (Collins)
56.8%
Emotion
56.6%
Emotion
56.6%
Trisexuals
56.5%
Vacation
56.3%
Lenny Bruce
56.2%
Devotion
56%
Creation
55.4%
Homo sapiens
54.1%
% Correct
S&M
53.9%
Merce Cunningham
53.8%
Buddha
53.8%
Causing a commotion
53.7%
Marijuana
53.2%
Pee-Wee Herman
53.2%
Passion when it’s new
53%
Stephen Sondheim
52.7%
Hand-crafted beers made in local breweries
52.2%
Sodomy
51.4%
Curry vindaloo
50.4%
Riding your bike mid-day past the three piece suits
50.4%
Fashion
50.4%
John Cage
49.6%
Loving tension
49.4%
The Sex Pistols
49.2%
Bob Dylan
48.8%
Men
48%
Huevos rancheros
47.3%
Carcinogens
45.6%
You, and you, and you, you, and you
45.3%
Hating pretension
44.6%
Allen Ginsberg
44.3%
Hallucinogens
43.5%
Why Dorothy and Toto went over the rainbow to blow off Auntie Em
43.1%
Pablo Neruda
42.2%
No shame
42%
Susan Sontag
40.9%
German wine
40.7%
Turpentine
39.8%
Empathy
37.7%
Apathy
37.5%
Ecstasy
37.5%
Never playing the fame game
37.2%
Entropy
37.1%
Gertrude Stein
37%
8BC
36.9%
Compassion
35.4%
Uta Hagen
33.9%
Eating disorders
32.9%
Lezzies
31.2%
Cross-dressers
31%
Dykes
29.8%
Carmina Burana
29.5%
% Correct
Anarchy
28.5%
Michelangelo Antonioni
28%
Dance (no way to make a living)
27.9%
****
27.1%
Music
26.8%
Muscle spasms
26.5%
Pain
26%
Perfection
25.3%
Hollywood
25.2%
Akira Kurosawa
24.7%
No family
24.7%
Short careers
24.3%
Masochism
24.2%
Film
23.9%
Boring locations
23.6%
Harmony
23.2%
Bernardo Bertolucci
23.2%
Rhythm
23.1%
Václav Havel
22.8%
Chiropractors
22.6%
Heavy competition
22.6%
Justice
22.6%
Mathematics
22.4%
Isolation
22%
Power
22%
People living with, not dying from disease
21.9%
Money
21.6%
Tedium
21.6%
Sleaze
21.2%
Revolution
20.6%
Feeling
20.1%
Adventure
19.1%
Food of love
18.3%
Dark rooms
17.9%
Screaming for solutions
17.5%
Making noise
17.1%
Egos
16.9%
Forcing changes
16.1%
Risk
16%
Danger
15.8%
Making pleas
15.4%
Perfect faces
15%
Anyone alive with a sex drive
15%
Anyone out of the mainstream
14%

From the Vault

USA by Unique 2-Letter Combos III

by goc3

Uniqueness is the spice of life. This time it's the spice of states. State spice.
Remove Ads.
Support Sporcle.
Get the best of Sporcle when you Go Orange. This ad-free experience offers more features, more stats, and more fun while also helping to support Sporcle. Thank you for becoming a member.

Show Comments

Extras

Top Quizzes Today


Score Distribution

Your Account Isn't Verified!

In order to create a playlist on Sporcle, you need to verify the email address you used during registration. Go to your Sporcle Settings to finish the process.

Report this User

Report this user for behavior that violates our Community Guidelines.

Details: